{"text_format":"3","workbook":"xlsx","n_sheets":1,"sheets":["t436"],"read":"whole","date_system":"1900"}

{"sheet":"t436","index":0,"n_rows":191,"n_cols":7,"rows_kept":191,"merged":[[0,0,0,6],[30,0,30,5],[47,0,47,5],[154,0,154,5]]}
["TABELA 436.1 - Estatísticas Agrícolas, Município de Pitangueiras, Estado de São Paulo, 2007/08."]
["ITEM","UNIDADE","N.DE UPAs","MÍNIMO","MÉDIO","MÁXIMO","TOTAL"]
["Distância à sede do município","km",679,0.1,{"v":9.74,"d":"9.7"},{"v":38,"d":"38.0"},"-"]
["Área total","hectare",679,0.6,{"v":59.18,"d":"59.2"},{"v":6615,"d":"6,615.0"},{"v":40180.6,"d":"40,180.6"}]
["Área com cultura perene","hectare",52,0.1,{"v":3.44,"d":"3.4"},54.4,178.9]
["Área com cultura temporária","hectare",642,0.2,{"v":53.07,"d":"53.1"},{"v":5118,"d":"5,118.0"},{"v":34072,"d":"34,072.0"}]
["Área com pastagem","hectare",156,0.1,{"v":5.16,"d":"5.2"},147.5,804.3]
["Área com reflorestamento","hectare",46,0.2,{"v":4.86,"d":"4.9"},30.6,223.4]
["Área com vegetação natural","hectare",81,0.3,{"v":17.71,"d":"17.7"},{"v":993,"d":"993.0"},{"v":1434.2,"d":"1,434.2"}]
["Área com vegetação de brejo e várzea","hectare",313,0.1,{"v":6.77,"d":"6.8"},{"v":481,"d":"481.0"},{"v":2120.3,"d":"2,120.3"}]
["Área em descanso","hectare",19,0.6,{"v":3.46,"d":"3.5"},14.8,65.8]
["Área complementar","hectare",402,0.1,{"v":3.19,"d":"3.2"},278.4,{"v":1281.7,"d":"1,281.7"}]
["Área das UPAs com (0, 1] ha","hectare",2,0.6,0.6,0.6,1.2]
["Área das UPAs com (1, 2] ha","hectare",17,1.1,{"v":1.63,"d":"1.6"},{"v":2,"d":"2.0"},27.7]
["Área das UPAs com (2, 5] ha","hectare",62,2.2,{"v":3.89,"d":"3.9"},{"v":5,"d":"5.0"},{"v":241,"d":"241.0"}]
["Área das UPAs com (5, 10] ha","hectare",74,5.1,{"v":7.98,"d":"8.0"},{"v":10,"d":"10.0"},590.3]
["Área das UPAs com (10, 20] ha","hectare",211,10.2,{"v":14.42,"d":"14.4"},{"v":20,"d":"20.0"},{"v":3043.6,"d":"3,043.6"}]
["Área das UPAs com (20, 50] ha","hectare",192,20.2,{"v":31.97,"d":"32.0"},49.6,{"v":6137.9,"d":"6,137.9"}]
["Área das UPAs com (50, 100] ha","hectare",55,50.8,{"v":71.59,"d":"71.6"},{"v":98,"d":"98.0"},{"v":3937.7,"d":"3,937.7"}]
["Área das UPAs com (100, 200] ha","hectare",37,101.8,{"v":145,"d":"145.0"},192.9,{"v":5364.9,"d":"5,364.9"}]
["Área das UPAs com (200, 500] ha","hectare",22,202.1,{"v":302.43,"d":"302.4"},{"v":460,"d":"460.0"},{"v":6653.4,"d":"6,653.4"}]
["Área das UPAs com (500, 1.000] ha","hectare",4,564.4,757.4,{"v":986,"d":"986.0"},{"v":3029.6,"d":"3,029.6"}]
["Área das UPAs com (1.000, 2.000] ha","hectare",1,{"v":1346.8,"d":"1,346.8"},{"v":1346.8,"d":"1,346.8"},{"v":1346.8,"d":"1,346.8"},{"v":1346.8,"d":"1,346.8"}]
["Área das UPAs com (2.000, 5.000] ha","hectare",1,{"v":3191.5,"d":"3,191.5"},{"v":3191.5,"d":"3,191.5"},{"v":3191.5,"d":"3,191.5"},{"v":3191.5,"d":"3,191.5"}]
["Área das UPAs com (5.000, 10.000] ha","hectare",1,{"v":6615,"d":"6,615.0"},{"v":6615,"d":"6,615.0"},{"v":6615,"d":"6,615.0"},{"v":6615,"d":"6,615.0"}]
["Área das UPAs acima de 10.000 ha","hectare","-","-","-","-","-"]
["Familiares do proprietário que trabalham na UPA","unidade",658,{"v":1,"d":"1.0"},{"v":1.38,"d":"1.4"},{"v":6,"d":"6.0"},{"v":911,"d":"911.0"}]
["Trabalhadores permanentes","unidade",109,{"v":1,"d":"1.0"},{"v":10.29,"d":"10.3"},{"v":400,"d":"400.0"},{"v":1122,"d":"1,122.0"}]
["Fonte: Secretaria de Agricultura e Abastecimento, CDRS/IEA, Projeto LUPA."]
[]
["TABELA 436.2 - Explorações Animais, Município de Pitangueiras, Estado de São Paulo, 2007/08."]
["ITEM","UNIDADE","N.DE UPAs","MÍNIMO","MÉDIO","MÁXIMO","TOTAL"]
["Asininos E Muares","cabeças",8,{"v":1,"d":"1.0"},{"v":1.13,"d":"1.1"},{"v":2,"d":"2.0"},{"v":9,"d":"9.0"}]
["Avicultura de Corte","cabeças/ano",2,{"v":1068,"d":"1,068.0"},{"v":450534,"d":"450,534.0"},{"v":900000,"d":"900,000.0"},{"v":901068,"d":"901,068.0"}]
["Avicultura Ornamental/Decorativa/Exótica","cabeças",7,{"v":6,"d":"6.0"},{"v":44.14,"d":"44.1"},{"v":150,"d":"150.0"},{"v":309,"d":"309.0"}]
["Avicultura para Ovos","cabeças",3,{"v":300,"d":"300.0"},{"v":2433.33,"d":"2,433.3"},{"v":5000,"d":"5,000.0"},{"v":7300,"d":"7,300.0"}]
["Bovinocultura de Corte","cabeças",30,{"v":2,"d":"2.0"},{"v":51.43,"d":"51.4"},{"v":280,"d":"280.0"},{"v":1543,"d":"1,543.0"}]
["Bovinocultura Leiteira","cabeças",10,{"v":2,"d":"2.0"},9.5,{"v":35,"d":"35.0"},{"v":95,"d":"95.0"}]
["Bovinocultura Mista","cabeças",94,{"v":1,"d":"1.0"},{"v":24.09,"d":"24.1"},{"v":500,"d":"500.0"},{"v":2264,"d":"2,264.0"}]
["Caprinocultura","cabeças",1,{"v":6,"d":"6.0"},{"v":6,"d":"6.0"},{"v":6,"d":"6.0"},{"v":6,"d":"6.0"}]
["Equinocultura","cabeças",79,{"v":1,"d":"1.0"},{"v":3.57,"d":"3.6"},{"v":40,"d":"40.0"},{"v":282,"d":"282.0"}]
["Outra Exploração Animal","cabeças",2,{"v":1,"d":"1.0"},5.5,{"v":10,"d":"10.0"},{"v":11,"d":"11.0"}]
["Ovinocultura","cabeças",24,{"v":1,"d":"1.0"},20.5,{"v":120,"d":"120.0"},{"v":492,"d":"492.0"}]
["Piscicultura","m² tanques",5,{"v":2016,"d":"2,016.0"},{"v":6003.2,"d":"6,003.2"},{"v":10000,"d":"10,000.0"},{"v":30016,"d":"30,016.0"}]
["Suinocultura","cabeças",33,{"v":1,"d":"1.0"},{"v":23.55,"d":"23.6"},{"v":215,"d":"215.0"},{"v":777,"d":"777.0"}]
["Fonte: Secretaria de Agricultura e Abastecimento, CDRS/IEA, Projeto LUPA."]
[]
["TABELA 436.3 -  Máquinas, Implementos e Benfeitorias, Município de Pitangueiras, Estado de São Paulo, 2007/08."]
["ITEM","UNIDADE","N.DE UPAs","MÍNIMO","MÉDIO","MÁXIMO","TOTAL"]
["Arado Comum (Bacia, Aiveca)","Unidade",88,{"v":1,"d":"1.0"},{"v":1.39,"d":"1.4"},{"v":8,"d":"8.0"},{"v":122,"d":"122.0"}]
["Arado Escarificador","Unidade",23,{"v":1,"d":"1.0"},{"v":2.04,"d":"2.0"},{"v":6,"d":"6.0"},{"v":47,"d":"47.0"}]
["Arado Subsolador","Unidade",43,{"v":1,"d":"1.0"},{"v":1.65,"d":"1.7"},{"v":12,"d":"12.0"},{"v":71,"d":"71.0"}]
["Batedeira de Cereais","Unidade",2,{"v":2,"d":"2.0"},2.5,{"v":3,"d":"3.0"},{"v":5,"d":"5.0"}]
["Câmara Fria","Unidade",2,{"v":1,"d":"1.0"},{"v":1,"d":"1.0"},{"v":1,"d":"1.0"},{"v":2,"d":"2.0"}]
["Carregadeira de Cana","Unidade",13,{"v":1,"d":"1.0"},{"v":4.85,"d":"4.9"},{"v":23,"d":"23.0"},{"v":63,"d":"63.0"}]
["Colhedeira Acoplada","Unidade",9,{"v":1,"d":"1.0"},{"v":1.44,"d":"1.4"},{"v":2,"d":"2.0"},{"v":13,"d":"13.0"}]
["Colhedeira Automotriz","Unidade",9,{"v":1,"d":"1.0"},{"v":2.67,"d":"2.7"},{"v":8,"d":"8.0"},{"v":24,"d":"24.0"}]
["Computador","Unidade",3,{"v":1,"d":"1.0"},{"v":2,"d":"2.0"},{"v":3,"d":"3.0"},{"v":6,"d":"6.0"}]
["Conj.Irrigação Autopropelido","Unidade",4,{"v":1,"d":"1.0"},{"v":2.25,"d":"2.3"},{"v":5,"d":"5.0"},{"v":9,"d":"9.0"}]
["Conj.Irrigação Convencional","Unidade",5,{"v":1,"d":"1.0"},1.4,{"v":2,"d":"2.0"},{"v":7,"d":"7.0"}]
["Conj.Irrigação/Gotejamento/Microaspersão","Unidade",4,{"v":1,"d":"1.0"},{"v":1,"d":"1.0"},{"v":1,"d":"1.0"},{"v":4,"d":"4.0"}]
["Desintegrador, Picador, Triturador","Unidade",83,{"v":1,"d":"1.0"},{"v":1.13,"d":"1.1"},{"v":4,"d":"4.0"},{"v":94,"d":"94.0"}]
["Distribuidor de Calcário","Unidade",42,{"v":1,"d":"1.0"},{"v":1.33,"d":"1.3"},{"v":7,"d":"7.0"},{"v":56,"d":"56.0"}]
["Ensiladeira","Unidade",28,{"v":1,"d":"1.0"},{"v":1.29,"d":"1.3"},{"v":3,"d":"3.0"},{"v":36,"d":"36.0"}]
["Grade Aradora (Tipo Romi)","Unidade",64,{"v":1,"d":"1.0"},{"v":1.45,"d":"1.5"},{"v":10,"d":"10.0"},{"v":93,"d":"93.0"}]
["Grade Niveladora","Unidade",100,{"v":1,"d":"1.0"},{"v":1.53,"d":"1.5"},{"v":17,"d":"17.0"},{"v":153,"d":"153.0"}]
["Implementos para Tração Animal","Unidade",3,{"v":1,"d":"1.0"},{"v":1.33,"d":"1.3"},{"v":2,"d":"2.0"},{"v":4,"d":"4.0"}]
["Microtrator","Unidade",3,{"v":1,"d":"1.0"},{"v":1,"d":"1.0"},{"v":1,"d":"1.0"},{"v":3,"d":"3.0"}]
["Misturador de Ração","Unidade",6,{"v":1,"d":"1.0"},{"v":1.17,"d":"1.2"},{"v":2,"d":"2.0"},{"v":7,"d":"7.0"}]
["Ordenhadeira Mecânica","Unidade",1,{"v":1,"d":"1.0"},{"v":1,"d":"1.0"},{"v":1,"d":"1.0"},{"v":1,"d":"1.0"}]
["Pulverizador Tratorizado","Unidade",90,{"v":1,"d":"1.0"},{"v":1.79,"d":"1.8"},{"v":11,"d":"11.0"},{"v":161,"d":"161.0"}]
["Resfriador de Leite, Tanque Expansão","Unidade",2,{"v":1,"d":"1.0"},{"v":1,"d":"1.0"},{"v":1,"d":"1.0"},{"v":2,"d":"2.0"}]
["Roçadeira Tratorizada","Unidade",1,{"v":1,"d":"1.0"},{"v":1,"d":"1.0"},{"v":1,"d":"1.0"},{"v":1,"d":"1.0"}]
["Semeadeira/Adubadeira para Plantio Convencional","Unidade",54,{"v":1,"d":"1.0"},{"v":1.26,"d":"1.3"},{"v":4,"d":"4.0"},{"v":68,"d":"68.0"}]
["Semeadeira/Plantadeira Plantio Direto","Unidade",13,{"v":1,"d":"1.0"},{"v":1.69,"d":"1.7"},{"v":6,"d":"6.0"},{"v":22,"d":"22.0"}]
["Terraceador","Unidade",2,{"v":1,"d":"1.0"},{"v":1,"d":"1.0"},{"v":1,"d":"1.0"},{"v":2,"d":"2.0"}]
["Trator de Esteiras","Unidade",4,{"v":1,"d":"1.0"},{"v":3.75,"d":"3.8"},{"v":8,"d":"8.0"},{"v":15,"d":"15.0"}]
["Trator de Pneus","Unidade",148,{"v":1,"d":"1.0"},{"v":3.16,"d":"3.2"},{"v":50,"d":"50.0"},{"v":467,"d":"467.0"}]
["Açude/Represa","Unidade",58,{"v":1,"d":"1.0"},{"v":1.36,"d":"1.4"},{"v":8,"d":"8.0"},{"v":79,"d":"79.0"}]
["Alambique","Unidade",1,{"v":1,"d":"1.0"},{"v":1,"d":"1.0"},{"v":1,"d":"1.0"},{"v":1,"d":"1.0"}]
["Almoxarifado/Oficina","Unidade",26,{"v":1,"d":"1.0"},{"v":1.15,"d":"1.2"},{"v":2,"d":"2.0"},{"v":30,"d":"30.0"}]
["Armazém para Grãos Ensacados","Sacas",9,{"v":1,"d":"1.0"},{"v":34.44,"d":"34.4"},{"v":300,"d":"300.0"},{"v":310,"d":"310.0"}]
["Balança para Bovinos","Unidade",5,{"v":1,"d":"1.0"},{"v":1,"d":"1.0"},{"v":1,"d":"1.0"},{"v":5,"d":"5.0"}]
["Balança para Veículos","Unidade",5,{"v":1,"d":"1.0"},1.2,{"v":2,"d":"2.0"},{"v":6,"d":"6.0"}]
["Barracão para Cultivo de Cogumelo","Unidade",1,{"v":2,"d":"2.0"},{"v":2,"d":"2.0"},{"v":2,"d":"2.0"},{"v":2,"d":"2.0"}]
["Barracão para Granja/Avicultura","Unidade",9,{"v":1,"d":"1.0"},{"v":3.22,"d":"3.2"},{"v":10,"d":"10.0"},{"v":29,"d":"29.0"}]
["Barracão/Galpão/Garagem","Unidade",192,{"v":1,"d":"1.0"},{"v":1.44,"d":"1.4"},{"v":8,"d":"8.0"},{"v":277,"d":"277.0"}]
["Casa de Moradia Habitada","Unidade",231,{"v":1,"d":"1.0"},{"v":2.25,"d":"2.3"},{"v":60,"d":"60.0"},{"v":519,"d":"519.0"}]
["Casa de Moradia Total","Unidade",275,{"v":1,"d":"1.0"},{"v":2.61,"d":"2.6"},{"v":90,"d":"90.0"},{"v":718,"d":"718.0"}]
["Curral/Mangueira","Unidade",113,{"v":1,"d":"1.0"},{"v":1.02,"d":"1.0"},{"v":2,"d":"2.0"},{"v":115,"d":"115.0"}]
["Depósito/Tulha","Unidade",97,{"v":1,"d":"1.0"},{"v":1.22,"d":"1.2"},{"v":12,"d":"12.0"},{"v":118,"d":"118.0"}]
["Engenho","Unidade",2,{"v":1,"d":"1.0"},{"v":1,"d":"1.0"},{"v":1,"d":"1.0"},{"v":2,"d":"2.0"}]
["Estábulo","Unidade",8,{"v":1,"d":"1.0"},{"v":1,"d":"1.0"},{"v":1,"d":"1.0"},{"v":8,"d":"8.0"}]
["Estufa/Plasticultura","m²",3,{"v":5,"d":"5.0"},{"v":453.67,"d":"453.7"},{"v":1200,"d":"1,200.0"},{"v":1361,"d":"1,361.0"}]
["Fábrica de Ração","Unidade",6,{"v":1,"d":"1.0"},{"v":1,"d":"1.0"},{"v":1,"d":"1.0"},{"v":6,"d":"6.0"}]
["Instalações para Equinos","Unidade",8,{"v":1,"d":"1.0"},{"v":4,"d":"4.0"},{"v":12,"d":"12.0"},{"v":32,"d":"32.0"}]
["Máquina de Benefício","Unidade",2,{"v":1,"d":"1.0"},{"v":1,"d":"1.0"},{"v":1,"d":"1.0"},{"v":2,"d":"2.0"}]
["Olaria","Unidade",3,{"v":1,"d":"1.0"},{"v":1,"d":"1.0"},{"v":1,"d":"1.0"},{"v":3,"d":"3.0"}]
["Pocilga","Unidade",56,{"v":1,"d":"1.0"},{"v":1.32,"d":"1.3"},{"v":10,"d":"10.0"},{"v":74,"d":"74.0"}]
["Poço Semi-Artesiano","Unidade",62,{"v":1,"d":"1.0"},{"v":1.18,"d":"1.2"},{"v":3,"d":"3.0"},{"v":73,"d":"73.0"}]
["Silo para Silagem","t",15,{"v":1,"d":"1.0"},{"v":365.27,"d":"365.3"},{"v":2800,"d":"2,800.0"},{"v":5479,"d":"5,479.0"}]
["Terreiro","m²",11,{"v":1,"d":"1.0"},{"v":316.18,"d":"316.2"},{"v":1200,"d":"1,200.0"},{"v":3478,"d":"3,478.0"}]
["Usina de Açúcar/destilaria","Unidade",4,{"v":1,"d":"1.0"},{"v":1,"d":"1.0"},{"v":1,"d":"1.0"},{"v":4,"d":"4.0"}]
["Fonte: Secretaria de Agricultura e Abastecimento, CDRS/IEA, Projeto LUPA."]
[]
["TABELA 436.4 - Outras Estatísticas Agrícolas, Município de Pitangueiras, Estado de São Paulo, 2007/08."]
["ITEM","Número de UPAs",null,"Percentual"]
["Faz Parte de Associação de Produtores",237,null,{"v":34.90427098674521,"d":"34.9"}]
["Faz Parte de Cooperativa de Produtores",459,null,{"v":67.59941089837997,"d":"67.6"}]
["Faz Parte do Sindicato de Produtores",81,null,{"v":11.929307805596466,"d":"11.9"}]
["Não utiliza assistência técnica ",244,null,{"v":35.93519882179676,"d":"35.9"}]
["Utiliza somente assistência técnica governamental ",10,null,{"v":1.4727540500736378,"d":"1.5"}]
["Utiliza somente assistência técnica privada ",361,null,{"v":53.166421207658324,"d":"53.2"}]
["Utiliza assistência técnica tanto governamental quanto privada",64,null,{"v":9.425625920471282,"d":"9.4"}]
["Utiliza Crédito Rural",45,null,{"v":6.62739322533137,"d":"6.6"}]
["Utiliza Seguro Rural",9,null,{"v":1.3254786450662739,"d":"1.3"}]
["Utiliza Escrituração Agrícola",308,null,{"v":45.36082474226804,"d":"45.4"}]
["Acessa Internet p/ Fins na Agropecuária",31,null,{"v":4.5655375552282775,"d":"4.6"}]
["Utiliza Computador nas Atividades Agropecuárias",58,null,{"v":8.541973490427099,"d":"8.5"}]
["Utiliza Energia Elétrica Para Uso na Atividade Agrícola",284,null,{"v":41.826215022091304,"d":"41.8"}]
["Realiza Análise de Solo, quando necessário",245,null,{"v":36.08247422680412,"d":"36.1"}]
["Utiliza Práticas de Conservação de Solo, quando necessário",603,null,{"v":88.80706921944035,"d":"88.8"}]
["Faz Adubação Mineral, quando necessário",614,null,{"v":90.42709867452135,"d":"90.4"}]
["Faz Adubação Orgânica, quando necessário",33,null,{"v":4.860088365243005,"d":"4.9"}]
["Faz Adubação Verde, quando necessário",13,null,{"v":1.914580265095729,"d":"1.9"}]
["Utiliza Manejo Integrado de Pragas (MIP)","-",null,"-"]
["Utiliza Hidroponia","-",null,"-"]
["Utiliza Plasticultura",3,null,{"v":0.44182621502209135,"d":"0.4"}]
["Utiliza Mudas Fiscalizadas",126,null,{"v":18.556701030927837,"d":"18.6"}]
["Utiliza Semente Melhorada",168,null,{"v":24.742268041237114,"d":"24.7"}]
["Faz Confinamento de Bovinos",38,null,{"v":5.596465390279824,"d":"5.6"}]
["Utiliza Pastejo Intensivo",10,null,{"v":1.4727540500736378,"d":"1.5"}]
["Faz Inseminação Artificial",5,null,{"v":0.7363770250368189,"d":"0.7"}]
["Faz Mineralização do Rebanho",120,null,{"v":17.673048600883654,"d":"17.7"}]
["Faz Vermifugação do Rebanho",120,null,{"v":17.673048600883654,"d":"17.7"}]
["Possui Parceiros /Arrendatários na Exploração Animal",16,null,{"v":2.3564064801178204,"d":"2.4"}]
["Esporte e lazer",1,null,{"v":0.14727540500736377,"d":"0.1"}]
["Extração mineral","-",null,"-"]
["Hotel Fazenda, Pousada ou SPA","-",null,"-"]
["Pesque-pague",1,null,{"v":0.14727540500736377,"d":"0.1"}]
["Restaurante ou Lanchonete","-",null,"-"]
["Transformação artesanal","-",null,"-"]
["Turismo rural ou ecoturismo","-",null,"-"]
["Outras atividades econômicas rurais",1,null,{"v":0.14727540500736377,"d":"0.1"}]
["Agroindústria","-",null,"-"]
["Proprietário sem instrução ou com instrução incompleta",56,null,{"v":8.24742268041237,"d":"8.2"}]
["Proprietário com antigo primário completo",276,null,{"v":40.6480117820324,"d":"40.6"}]
["Proprietário com 1° grau (ou antigo ginasial) completo",69,null,{"v":10.1620029455081,"d":"10.2"}]
["Proprietário com 2° grau (ou antigo colegial) completo",94,null,{"v":13.843888070692193,"d":"13.8"}]
["Proprietário com curso superior completo ",152,null,{"v":22.38586156111929,"d":"22.4"}]
["Pessoa Jurídica",32,null,{"v":4.712812960235641,"d":"4.7"}]
["Proprietário residente na própria UPA ",100,null,{"v":14.727540500736378,"d":"14.7"}]
["Fonte: Secretaria de Agricultura e Abastecimento, CDRS/IEA, Projeto LUPA."]
[]
["TABELA 436.5 - Área Cultivada, Município de Pitangueiras, Estado de São Paulo, 2007/08."]
["CULTURA","N.DE UPAs","MÍNIMO","MÉDIO","MÁXIMO","TOTAL"]
["Cana-de-acucar",597,0.2,{"v":56.24,"d":"56.2"},{"v":5118,"d":"5,118.0"},{"v":33574.2,"d":"33,574.2"}]
["Soja",43,1.2,{"v":27.29,"d":"27.3"},{"v":641,"d":"641.0"},{"v":1173.6,"d":"1,173.6"}]
["Amendoim",40,1.2,{"v":19.67,"d":"19.7"},{"v":300,"d":"300.0"},786.8]
["Gramas",126,0.1,{"v":5.74,"d":"5.7"},147.5,{"v":723,"d":"723.0"}]
["Milho",82,0.2,{"v":3.17,"d":"3.2"},48.4,{"v":260,"d":"260.0"}]
["Eucalipto",46,0.2,{"v":4.86,"d":"4.9"},30.6,223.4]
["Laranja",12,0.2,{"v":12.47,"d":"12.5"},54.4,149.6]
["Braquiaria",30,0.3,{"v":3.09,"d":"3.1"},12.1,92.7]
["Milho-silagem",5,4.6,5.8,7.2,{"v":29,"d":"29.0"}]
["Quiabo",6,0.5,{"v":3.28,"d":"3.3"},7.2,19.7]
["Feijao",12,0.1,{"v":1.43,"d":"1.4"},6.5,17.1]
["Sorgo",2,3.5,6.4,9.3,12.8]
["Sorgo-vassoura",4,{"v":1,"d":"1.0"},{"v":2.75,"d":"2.8"},{"v":5,"d":"5.0"},{"v":11,"d":"11.0"}]
["Pomar domestico",31,0.1,0.3,0.7,9.3]
["Cafe",7,0.2,{"v":0.87,"d":"0.9"},2.8,6.1]
["Outras olericolas",4,0.9,{"v":1.38,"d":"1.4"},2.5,5.5]
["Arroz",6,0.2,{"v":0.62,"d":"0.6"},{"v":1,"d":"1.0"},3.7]
["Viveiro de citros",2,0.5,1.8,3.1,3.6]
["Seringueira",1,3.5,3.5,3.5,3.5]
["Tangerina",1,2.4,2.4,2.4,2.4]
["Abobora (ou jerimum)",4,0.5,{"v":0.58,"d":"0.6"},0.8,2.3]
["Uva fina",1,1.5,1.5,1.5,1.5]
["Mandioca",3,0.1,0.5,{"v":1,"d":"1.0"},1.5]
["Maracuja",3,0.2,0.5,{"v":1,"d":"1.0"},1.5]
["Capim-napier (ou capim-elefante)",3,0.2,0.4,0.6,1.2]
["Limao",2,0.1,0.6,1.1,1.2]
["Abacaxi (ou ananas)",2,0.5,0.5,0.5,{"v":1,"d":"1.0"}]
["Manga",1,0.9,0.9,0.9,0.9]
["Coco-da-baia",1,0.8,0.8,0.8,0.8]
["Alface",2,0.2,{"v":0.35,"d":"0.4"},0.5,0.7]
["Horta domestica",1,0.5,0.5,0.5,0.5]
["Berinjela",1,0.5,0.5,0.5,0.5]
["Jilo",1,0.5,0.5,0.5,0.5]
["Tomate envarado",1,0.4,0.4,0.4,0.4]
["Fonte: Secretaria de Agricultura e Abastecimento, CDRS/IEA, Projeto LUPA."]